[Medzinárodné právo verejné]

Recenzia na publikáciu „Medzinárodné právo verejné, všeobecná časť“. Monografia predstavuje učebnicu, ktorá je nevyhnutným študijným materiálom a základom komplexného právnického vzdelania v oblasti medzinárodného práva. Učebnica je určená študentom, pedagógom, ako aj odbornej vedeckej verejnosti a...

Description complète

Enregistré dans:
Détails bibliographiques
Auteur principal: Veterníková, Mária, 1964-
Format: Chapitre de livre
Langue:slovaque
Sujets:
Tags: Ajouter un tag
Pas de tags, Soyez le premier à ajouter un tag!

MARC

LEADER 00000naa a2200000 4500
001 0258577
005 20240502074107.6
041 0 |a slo 
044 |a SK 
245 1 0 |a [Medzinárodné právo verejné]  |c Mária Veterníková 
520 |a Recenzia na publikáciu „Medzinárodné právo verejné, všeobecná časť“. Monografia predstavuje učebnicu, ktorá je nevyhnutným študijným materiálom a základom komplexného právnického vzdelania v oblasti medzinárodného práva. Učebnica je určená študentom, pedagógom, ako aj odbornej vedeckej verejnosti a tiež každému, kto má o problematiku medzinárodného práva a s ňou súvisiace otázky záujem. 
610 2 0 |a právo medzinárodné 
610 2 0 |a právo verejné medzinárodné 
610 2 0 |a recenzie 
610 2 0 |a história 
610 2 0 |a ochrana právna 
610 2 0 |a Európska únia 
100 1 |a Veterníková, Mária, 1964-